000 00282nam a22001217a 4500
008 181217b xxu||||| |||| 00| 0 eng d
041 _aeng
080 _a616.5
100 _a7
101 _aDER
245 _aPathophysiology of Dermatologic Diseases
_cSoter, N.A
942 _2udc
_cBK
999 _c53307
_d53307